| 000 | 01362naa a22003377a 4500 | ||
|---|---|---|---|
| 001 | BR7804263 | ||
| 003 | BR-BrBNA | ||
| 005 | 20240918174116.0 | ||
| 007 | ta | ||
| 008 | 230509b bl.||||| |||| 00| 0 por d | ||
| 040 |
_aBR-BrBNA _bpor _cBiblioteca Nacional de Agricultura |
||
| 041 | _a(Pt) | ||
| 072 |
_aF00 _b1000 _bG514 |
||
| 090 | _aF00 BR7804263 | ||
| 100 | 1 | _aDonadio, L.C. | |
| 100 | 1 | _aZanine, J.R. | |
| 100 | 1 | _aOliveira, O.F. de | |
| 111 | 1 |
_a4. Congresso Brasileiro de Fruticultura _cSalvador, BA (Brazil) _d23 Jan 1977 |
|
| 245 | 1 | _aEfeitos do desbastes manual na producao e tamanho de frutos de "murcote" [Citrus; Fruta citrica; Jaboticabal; Sao Paulo; Brasil] | |
| 260 | 3 |
_aCruz das Almas, BA (Brasil): _c1978. |
|
| 500 | _aCunha Sobrinho, A.P. da; Matos, A.P. de (eds.) Anais do 4. Congresso Brasileiro de Fruticultura Cruz das Almas, BA (Brasil): 1978. p. 165-168 (BR7804263-AM)F00 | ||
| 650 | _aDesbaste | ||
| 650 | _aFruta citrica | ||
| 650 | _aDesfolha | ||
| 650 | _aFruto | ||
| 650 | _aRendimento | ||
| 650 | _aSao Paulo | ||
| 773 | 0 |
_tAnais do 4. Congresso Brasileiro de Fruticultura _aCunha Sobrinho, A.P. da; Matos, A.P. de (eds.). Sociedade Brasileira de Fruticultura, Cruz das Almas, BA _wF00 BR7804263 _gCruz das Almas, BA (Brasil), 1978. p. 165-168 |
|
| 909 |
_a202404 _bLucia _c55 _dLucia Elande |
||
| 942 |
_cAM _2AGRIS |
||
| 999 |
_c308965 _d308965 |
||